000
00337pab a2200145 454500
008
180718b2006 xxu||||| |||| 00| 0 eng d
100
_a
Ojha, Rabindra Nath
245
_a
National rural health mission
260
_c
2006
300
_a
p.29-31.
362
_a
Jun
650
_a
Health services
773
_a
Kurukshetra
909
_a
70077
999
_c
70077
_d
70077